1951 1496 1205 1429 1655 1129 1919 1406 1338 1808 1029 1852 1412 1141 1890 1638 1176 1551 1862 1227 1440 1511 1880 1246 1631 1972 1508 1920 1881 1343 1108 1611 1114 1666 1142 1494 1249 1940 1923 1347 1240 1214 1141 1668 1196 1793 1993 1590 1566 1084 1149 1291 1584 1527 1417 1060 1192 1405 1409 1356 1085 1911 1553 1184 1756 1829 1847 1303 1350 1938 1704 1424 1272 1231 1904 1287 1737 1065 1698 1410 1519 1359 1358 1797 1492 1475 1732 1093 1730 1685 1912 1621 1170 1939 1937 1321 1587 1822 1342 BCNSPRNW ULIB Ver.6.0+V

เปลี่ยนเป็นภาษาไทย

Change to English
 แสดงรายละเอียดบรรณานุกรม
  กลับหน้าหลัก

Brief Record : Get Marc (ISO 2709) : E-mail record : QR code < ปิดหน้าต่าง
LEADER : 00000nam 2200000uu 4500
001    13399113143
003     ULIB
008    110927s2552||||th 000 0 tha d
020    9789744896230
082 04 QA76.76^bบ242ห 2552
100 0  บอกอ Saiias
245 00 หัดใช้ Windows Vista /^cบอกอ Saiias
260    กรุงเทพฯ :^bซัคเซส มีเดีย,^c2552
300    258 หน้า :^bภาพประกอบ
650  7 Windows Vista
945    ^p99^l0^i027321
995    ทศพร
999 ^a ทศพร
รายการนี้ยังไม่มีแท็ก
คุณยังไม่ได้ล็อกอิน คุณสามารถมีกิจกรรมร่วมกับเว็บไซต์ได้ แต่ต้องล็อกอินก่อน ::
  ล็อกอิน

รายการสื่อสารสนเทศ

ลำดับที่ ประเภท เลขเรียก/บาร์โค้ด สถานที่ สถานะ
- ไม่พบข้อมูล -

รายการใกล้เคียง
    ผู้แต่ง [บอกอ Saiias]

    หัวเรื่อง [Windows Vista]

BibComment


ยังไม่เคยถูกคอมเมนท์

คอมเมนท์ทรัพยากรรายการนี้
  คอมเมนท์: หัดใช้ Windows Vi..


 Copyright 2026. Bcnsprnw @Library